000 00314nam a22001457a 4500
003 SGT
020 _a9788189530129
082 _a346.02
_bBAN
100 _aBANGIA , R K
245 _aCONTRACT II
250 _a7
260 _aFARIDABAD
_bALLAHABAD LAW AGENCY
_c2019
300 _aXIVI , 546
942 _2ddc
_cBK
_055
999 _c19778
_d19778